| 000 | 01364nam a2200493 a 4500 | ||
|---|---|---|---|
| 003 | AR-BaBNM | ||
| 005 | 20251128204007.0 | ||
| 008 | 082120s2002 ||||||||||||||000 | spa|| | ||
| 020 | _a950-034-006 | ||
| 040 | _cAR-BaBNM | ||
| 110 | 1 | _aArgentina | |
| 240 | 1 | 0 | _aCódigo Penal |
| 245 | 0 | 0 |
_aCódigo penal de la Nación _bleyes complementarias |
| 250 | _a5ª ed. | ||
| 260 |
_aBuenos Aires _bA-Z editora _c1983 |
||
| 300 | _axiv, 278 p. | ||
| 490 | 0 | _aCódigos A.Z. | |
| 500 | _aCódigo penal sancionado por ley 11.179, actualizado conforme a las leyes 21.338 y 22.461 | ||
| 500 | _aIndice general p. vii-xiv | ||
| 500 | _aIndice alfabético p. 253-273 | ||
| 500 | _aIndice cronológico p. 275-278 | ||
| 521 | _aPRIMARIO | ||
| 650 | 4 | _aENSEÑANZA DE LA LECTURA | |
| 650 | 4 | _aDERECHO PENAL | |
| 650 | 4 | _aCODIGO PENAL | |
| 650 | 4 | _aDELITOS | |
| 650 | 4 | _aFAMILIA | |
| 650 | 4 | _aCOMERCIO | |
| 650 | 4 | _aPROPIEDAD | |
| 650 | 4 | _aEXPLOSIVOS | |
| 650 | 4 | _aDROGAS | |
| 650 | 4 | _aPARTIDOS POLITICOS | |
| 650 | 4 | _aDEPORTE | |
| 650 | 4 | _aDERECHO LABORAL | |
| 650 | 4 | _aLEGISLACION ARGENTINA | |
| 650 | 4 | _aARMAS | |
| 651 | 4 | _aArgentina | |
| 653 | _aLIBROS DE LECTURA | ||
| 653 | _aENSEÑANZA DE LA LENGUA | ||
| 700 | 1 |
_aPereira Pinto, Juan Carlos _eeditor |
|
| 700 | 1 |
_aDanielián, Miguel _eeditor |
|
| 942 | _cBK | ||
| 998 | _cAndrea | ||
| 999 |
_c5761 _d5761 |
||